[Event "2BLN 1718 SK Union Oldenburg - SV Werde"]
[Site "?"]
[Date "2018.03.18"]
[Round "8.1"]
[White "Fish, Gennadij"]
[Black "Breutigam, Martin"]
[Result "1/2-1/2"]
[WhiteElo "2455"]
[BlackElo "2382"]
[PlyCount "120"]
[EventDate "2018.??.??"]

1. d4 d5 2. c4 c6 3. Nf3 Nf6 4. Qc2 dxc4 5. Qxc4 Bf5 6. g3 e6 7. Bg2 Nbd7 8.
O-O Be7 9. Nc3 O-O 10. e3 b5 11. Qe2 b4 12. Na4 Qa5 13. b3 Be4 14. Nb2 Qh5 15.
Nc4 c5 16. Bb2 a5 17. h3 a4 18. g4 Qg6 19. Nfe5 Nxe5 20. Nxe5 Qh6 21. dxc5 Bxc5
22. bxa4 Bxg2 23. Kxg2 Bd6 24. Rfd1 Nd5 25. Nc4 Bc7 26. a3 b3 27. Rd3 f5 28.
Rxb3 f4 29. Nd2 Rxa4 30. Nf3 fxe3 31. fxe3 Re4 32. Re1 Nf4+ 33. exf4 Rxe2+ 34.
Rxe2 Qxf4 35. Be5 Qc4 36. Rbe3 Bb6 37. Re4 Qb3 38. Rf4 Rxf4 39. Bxf4 Qa4 40.
Rb2 Qxf4 41. Rxb6 Qe4 42. Kg3 h6 43. Rb5 g5 44. Re5 Qf4+ 45. Kg2 Kf7 46. Kf2
Kf6 47. Re3 Qa4 48. Kg3 Qa7 49. Kf2 Qb6 50. Ke2 Qb2+ 51. Kf1 Qc1+ 52. Kf2 Qb2+
53. Kf1 h5 54. gxh5 Kf5 55. Ne5 Qd2 56. Ng4 Kf4 57. h6 Qd1+ 58. Kg2 Qd2+ 59.
Kf1 Qd1+ 60. Kf2 Qd2+ 1/2-1/2

[Event "2BLN 1718 SK Union Oldenburg - SV Werde"]
[Site "?"]
[Date "2018.03.18"]
[Round "8.2"]
[White "Bredemeier, Dirk"]
[Black "Meins, Gerlef"]
[Result "1/2-1/2"]
[WhiteElo "2297"]
[BlackElo "2407"]
[PlyCount "111"]
[EventDate "2018.??.??"]

1. c4 Nf6 2. g3 e6 3. Bg2 d5 4. Nf3 dxc4 5. O-O Nbd7 6. Na3 Bxa3 7. bxa3 O-O 8.
Qc2 c5 9. Qxc4 b6 10. Bb2 Bb7 11. d3 Qe7 12. a4 Ne8 13. Qc3 f6 14. d4 Nd6 15.
Rfd1 Rac8 16. Ba3 Rfd8 17. Rac1 cxd4 18. Qb4 Rxc1 19. Rxc1 Nc5 20. a5 Nc8 21.
axb6 axb6 22. Nxd4 Bxg2 23. Kxg2 Qd7 24. Nf3 Qd5 25. Qc4 Qxc4 26. Rxc4 Nd6 27.
Rb4 Ra8 28. Rxb6 Rxa3 29. Rxd6 Rxa2 30. Rc6 Ne4 31. Rxe6 Rxe2 32. Nd4 Kf7 33.
Rxf6+ Kxf6 34. Nxe2 h5 35. Nf4 g6 36. Kf3 Nd6 37. Nd5+ Ke5 38. Nf4 Kf5 39. h3
Nf7 40. Ke3 Ne5 41. Nd3 Nd7 42. Kd4 Nf6 43. f3 g5 44. Ke3 g4 45. Nf2 gxf3 46.
Kxf3 Ke5 47. Nd3+ Kf5 48. Nf4 Ke5 49. Ke3 Kf5 50. Ne2 Ke5 51. Nf4 Kf5 52. Kf2
h4 53. Ne2 Ne4+ 54. Kf3 Nxg3 55. Nxg3+ hxg3 56. Kxg3 1/2-1/2

[Event "2BLN 1718 SK Union Oldenburg - SV Werde"]
[Site "?"]
[Date "2018.03.18"]
[Round "8.3"]
[White "Joachim, Sven"]
[Black "Mueer, Sebastian"]
[Result "1/2-1/2"]
[WhiteElo "2397"]
[BlackElo "2216"]
[PlyCount "53"]
[EventDate "2018.??.??"]

1. e4 c5 2. Nf3 Nc6 3. Nc3 g6 4. d4 cxd4 5. Nxd4 Bg7 6. Be3 Nf6 7. Bc4 O-O 8.
Bb3 d6 9. h3 Na5 10. O-O b6 11. Re1 Bb7 12. Bg5 Rc8 13. Nd5 Nxd5 14. exd5 Re8
15. Ba4 Rc4 16. c3 Rxa4 17. Qxa4 Bxd5 18. Rad1 Qa8 19. Rxe7 Rxe7 20. Bxe7 Bxg2
21. Qd7 Nc4 22. Re1 Bxd4 23. cxd4 Nd2 24. Re3 Nf3+ 25. Rxf3 Bxf3 26. Qxd6 Bh1
27. Qd8+ 1/2-1/2

[Event "2BLN 1718 SK Union Oldenburg - SV Werde"]
[Site "?"]
[Date "2018.03.18"]
[Round "8.4"]
[White "Meessen, Max"]
[Black "Richter, Christian"]
[Result "1-0"]
[WhiteElo "2189"]
[BlackElo "2363"]
[PlyCount "91"]
[EventDate "2018.??.??"]

1. d4 Nf6 2. c4 g6 3. Nc3 Bg7 4. e4 d6 5. f3 Nc6 6. Be3 O-O 7. Nge2 a6 8. Qd2
Rb8 9. Rc1 Bd7 10. b3 b5 11. cxb5 axb5 12. d5 Ne5 13. Nd4 Qe8 14. a3 b4 15.
axb4 Rxb4 16. Be2 Rb8 17. O-O e6 18. Rfe1 Qe7 19. Bg5 c5 20. dxc6 Nxc6 21. Ndb5
Rfd8 22. Qxd6 Qxd6 23. Nxd6 Rxb3 24. Bd1 Rb6 25. Na4 Rb4 26. Nc5 Rb6 27. Be3
Nb4 28. e5 Nfd5 29. Bg5 f6 30. Nxd7 Rxd6 31. Nxf6+ Bxf6 32. Bxf6 Nd3 33. exd6
Nxf6 34. Rxe6 Nxc1 35. Rxf6 Re8 36. Ba4 Rd8 37. d7 Ne2+ 38. Kf2 Nd4 39. Rd6 Nf5
40. Re6 Ng7 41. Re8+ Nxe8 42. dxe8=Q+ Rxe8 43. Bxe8 Kg7 44. f4 Kf6 45. g4 Ke7
46. Bb5 1-0

[Event "2BLN 1718 SK Union Oldenburg - SV Werde"]
[Site "?"]
[Date "2018.03.18"]
[Round "8.5"]
[White "Grigorian, Spartak"]
[Black "Reuker, Jari"]
[Result "1-0"]
[WhiteElo "2321"]
[BlackElo "2343"]
[PlyCount "79"]
[EventDate "2018.??.??"]

1. d4 Nf6 2. c4 e6 3. Nf3 d5 4. g3 Be7 5. Bg2 O-O 6. O-O dxc4 7. Qc2 a6 8. Qxc4
b5 9. Qc2 Bb7 10. Bd2 Be4 11. Qc1 c6 12. Rd1 Nbd7 13. Nc3 Bg6 14. a3 Rc8 15. b4
Nd5 16. Be1 Bf6 17. e3 Qe7 18. Ra2 e5 19. dxe5 Nxe5 20. Nxe5 Qxe5 21. Ne2 Nb6
22. Bc3 Qe6 23. Rad2 Bxc3 24. Qxc3 Qc4 25. Qa1 c5 26. Rc1 Qb3 27. bxc5 Nc4 28.
Rd7 Qxa3 29. Qxa3 Nxa3 30. Bb7 Rb8 31. Nd4 b4 32. c6 Nc2 33. Nxc2 b3 34. Na3
Bf5 35. Rd2 a5 36. Rd5 b2 37. Re1 g6 38. Rxa5 Rbd8 39. Rxf5 gxf5 40. Nc4 1-0

[Event "2BLN 1718 SK Union Oldenburg - SV Werde"]
[Site "?"]
[Date "2018.03.18"]
[Round "8.6"]
[White "Wittje, Berthold"]
[Black "Charmeteau, Sven"]
[Result "1-0"]
[WhiteElo "2231"]
[BlackElo "2291"]
[PlyCount "97"]
[EventDate "2018.??.??"]

1. Nf3 Nf6 2. g3 g6 3. Bg2 Bg7 4. c4 O-O 5. d4 c6 6. Nc3 d5 7. cxd5 cxd5 8. Ne5
Nc6 9. O-O Nxe5 10. dxe5 Ng4 11. Nxd5 e6 12. Nc3 Bd7 13. Bxb7 Rb8 14. Bg2 Nxe5
15. Rb1 Qa5 16. Bf4 Rfd8 17. Qc1 Rdc8 18. Qd2 Bc6 19. Bxc6 Rxc6 20. Rfd1 Rbc8
21. b4 Qb6 22. Na4 Qb5 23. Nc5 a5 24. a4 Qc4 25. Qd8+ Bf8 26. Qxa5 Qxe2 27.
Bxe5 Qxe5 28. Rd8 Kg7 29. Rxc8 Rxc8 30. Qa6 Bxc5 31. Qxc8 Bxf2+ 32. Kxf2 Qf5+
33. Ke2 Qxb1 34. Qc3+ f6 35. Kd2 Qa2+ 36. Qc2 Qa3 37. b5 e5 38. Qc7+ Kh6 39.
Qc4 f5 40. Kc2 e4 41. b6 Qe3 42. b7 Qf2+ 43. Kb1 Qb6+ 44. Qb5 Qg1+ 45. Ka2 Qf2+
46. Qb2 e3 47. b8=Q e2 48. Qf8+ Kh5 49. Qe7 1-0

[Event "2BLN 1718 SK Union Oldenburg - SV Werde"]
[Site "?"]
[Date "2018.03.18"]
[Round "8.7"]
[White "Asendorf, Joachim"]
[Black "Schuette, Marc"]
[Result "1-0"]
[WhiteElo "2253"]
[BlackElo "2102"]
[PlyCount "81"]
[EventDate "2018.??.??"]

1. c4 c6 2. g3 d5 3. Nf3 Bg4 4. Bg2 Nd7 5. cxd5 cxd5 6. Nc3 e6 7. Qa4 Ngf6 8.
Ne5 Bf5 9. g4 Bc2 10. Nxf7 Kxf7 11. Qxc2 Nxg4 12. h3 Ngf6 13. d4 Qb6 14. Be3
Rc8 15. O-O Rc4 16. Rac1 Bb4 17. Qd3 Qa5 18. Bd2 Bxc3 19. Bxc3 Qa6 20. b3 Rc6
21. Qxa6 Rxa6 22. a4 Rc6 23. Bd2 Rhc8 24. Rxc6 Rxc6 25. Rc1 Rxc1+ 26. Bxc1 Ne4
27. f3 Nd6 28. e4 b5 29. Ba3 bxa4 30. Bxd6 axb3 31. Ba3 Nb6 32. Bf1 Nc4 33.
Bxc4 dxc4 34. Bb2 a5 35. Kf2 Ke7 36. Ke2 Kd6 37. Kd2 Kc6 38. Kc3 Kb5 39. f4 g6
40. h4 h6 41. Bc1 1-0

[Event "2BLN 1718 SK Union Oldenburg - SV Werde"]
[Site "?"]
[Date "2018.03.18"]
[Round "8.8"]
[White "Wagner, Jan"]
[Black "Wachinger, Nikolas"]
[Result "1/2-1/2"]
[WhiteElo "2156"]
[BlackElo "2253"]
[PlyCount "108"]
[EventDate "2018.??.??"]

1. Nf3 Nf6 2. c4 g6 3. b4 Bg7 4. Bb2 O-O 5. g3 c6 6. Bg2 d5 7. Na3 Qb6 8. Qb3
Na6 9. cxd5 cxd5 10. Nc2 Bf5 11. d3 Ng4 12. O-O Bxb2 13. Qxb2 Nc7 14. Ncd4 Qf6
15. Rac1 Rac8 16. Qa3 Qb6 17. Rc5 Bd7 18. h3 Nf6 19. Rfc1 Na6 20. Rxc8 Rxc8 21.
Rxc8+ Bxc8 22. Qc3 Bd7 23. a3 Qc7 24. Qxc7 Nxc7 25. Ne5 Ba4 26. f4 Nd7 27. Nxd7
Bxd7 28. e4 Bb5 29. exd5 Bxd3 30. d6 exd6 31. Bxb7 Nb5 32. Ba6 Nxd4 33. Bxd3
Kf8 34. Kf2 Ke7 35. Ke3 Ne6 36. Ke4 Nc7 37. Kd4 f6 38. Bc4 h6 39. a4 Na8 40. a5
Nc7 41. b5 d5 42. b6 axb6 43. axb6 dxc4 44. bxc7 Kd7 45. Kxc4 Kxc7 46. Kd5 Kd7
47. g4 Ke7 48. h4 g5 49. fxg5 fxg5 50. hxg5 hxg5 51. Ke5 Kf7 52. Kf5 Kg8 53.
Kxg5 Kg7 54. Kf5 Kf7 1/2-1/2

[Event "2BLN 1718 Turm Kiel - SF Berlin II"]
[Site "?"]
[Date "2018.03.18"]
[Round "8.1"]
[White "Polzin, Rainer"]
[Black "Salgado Lopez, Ivan"]
[Result "0-1"]
[WhiteElo "2401"]
[BlackElo "2647"]
[PlyCount "86"]
[EventDate "2018.??.??"]

1. e4 c5 2. Nc3 a6 3. f4 e6 4. Nf3 b5 5. Qe2 Bb7 6. g4 Nc6 7. d3 Nd4 8. Nxd4
cxd4 9. Nd1 Rc8 10. Bg2 Qh4+ 11. Nf2 Bb4+ 12. Kd1 Ne7 13. f5 O-O 14. Nh3 exf5
15. gxf5 f6 16. a3 Bd6 17. Bd2 Nxf5 18. Rf1 Ne3+ 19. Bxe3 dxe3 20. Qxe3 f5 21.
Nf2 Qxh2 22. Qh3 Qxh3 23. Bxh3 fxe4 24. Nxe4 Rxf1+ 25. Bxf1 Be7 26. Bh3 Rf8 27.
Ke2 Bc6 28. Rg1 g6 29. c3 Kg7 30. Bg4 Rf4 31. Bf3 h6 32. Nd2 g5 33. Bxc6 dxc6
34. Nf3 Bf6 35. Ke3 Kg6 36. d4 h5 37. a4 h4 38. axb5 axb5 39. Ra1 Kf5 40. Rf1
Kg6 41. Ra1 Kh5 42. Rh1 Bd8 43. Ne5 Rf6 0-1

[Event "2BLN 1718 Turm Kiel - SF Berlin II"]
[Site "?"]
[Date "2018.03.18"]
[Round "8.2"]
[White "Dziuba, Marcin"]
[Black "Rudolf, Henrik"]
[Result "1-0"]
[WhiteElo "2584"]
[BlackElo "2304"]
[PlyCount "67"]
[EventDate "2018.??.??"]

1. d4 Nf6 2. c4 g6 3. g3 Bg7 4. Bg2 O-O 5. Nc3 d6 6. Nf3 Nbd7 7. O-O e5 8. e4
exd4 9. Nxd4 Re8 10. h3 Nc5 11. Re1 Bd7 12. Bf4 h6 13. g4 h5 14. f3 hxg4 15.
fxg4 Ne6 16. Nxe6 Bxe6 17. e5 dxe5 18. Bxe5 c6 19. c5 Qxd1 20. Raxd1 Rad8 21.
Bc7 Rxd1 22. Rxd1 Nd5 23. Nxd5 Bxd5 24. Bxd5 cxd5 25. b4 Re4 26. a3 Bb2 27.
Rxd5 Bxa3 28. b5 f6 29. Bb8 Rb4 30. c6 bxc6 31. Rd8+ Kf7 32. bxc6 Rxb8 33. Rxb8
Bd6 34. c7 1-0

[Event "2BLN 1718 Turm Kiel - SF Berlin II"]
[Site "?"]
[Date "2018.03.18"]
[Round "8.3"]
[White "Nogly, Christoph"]
[Black "Glud, Jakob Vang"]
[Result "1/2-1/2"]
[WhiteElo "2258"]
[BlackElo "2513"]
[PlyCount "107"]
[EventDate "2018.??.??"]

1. d4 d5 2. Nf3 Nf6 3. c4 c6 4. Qb3 dxc4 5. Qxc4 Bf5 6. g3 e6 7. Bg2 Nbd7 8.
O-O Be7 9. e3 O-O 10. Qe2 Ne4 11. Rd1 Rc8 12. Nbd2 Nxd2 13. Bxd2 Bc2 14. Rdc1
Be4 15. Bc3 Nf6 16. Ne5 h6 17. Bxe4 Nxe4 18. Nd3 Qd5 19. Bb4 Bxb4 20. Nxb4 Qf5
21. Nd3 Rfd8 22. Nc5 Nd6 23. Qc2 Qh3 24. Nd3 Nf5 25. Qe2 g5 26. f3 Ne7 27. f4
Qf5 28. Rc5 Qg6 29. fxg5 hxg5 30. Ne5 Qg7 31. Rf1 f6 32. Ng4 f5 33. Ne5 b6 34.
Rcc1 c5 35. e4 Rxd4 36. exf5 exf5 37. Nf3 Re4 38. Qd2 g4 39. Nh4 Rf8 40. Nxf5
Rxf5 41. Rxf5 Rd4 42. Qg5 Nxf5 43. Qxf5 Rd2 44. Rf1 Qd4+ 45. Kh1 Qd5+ 46. Qxd5+
Rxd5 47. Rf2 Kg7 48. Kg2 Kg6 49. h3 gxh3+ 50. Kxh3 Kg5 51. Kg2 Rd3 52. Rf3 Rd2+
53. Rf2 Rd3 54. Rf3 1/2-1/2

[Event "2BLN 1718 Turm Kiel - SF Berlin II"]
[Site "?"]
[Date "2018.03.18"]
[Round "8.4"]
[White "Hector, Jonny"]
[Black "Chatzidakis, Mihail Dr"]
[Result "1-0"]
[WhiteElo "2494"]
[BlackElo "2341"]
[PlyCount "89"]
[EventDate "2018.??.??"]

1. e4 c5 2. Nf3 d6 3. d4 cxd4 4. Nxd4 Nf6 5. Nc3 Nc6 6. Bg5 e6 7. Qd2 a6 8.
O-O-O Bd7 9. f4 Be7 10. g3 Rc8 11. Nxc6 Bxc6 12. Bg2 O-O 13. Rhe1 Qc7 14. Kb1
Rfd8 15. f5 e5 16. Bf3 b5 17. h4 b4 18. Nd5 Bxd5 19. exd5 Re8 20. g4 Qc4 21.
Bxf6 Bxf6 22. Re4 Qc5 23. g5 Bd8 24. f6 a5 25. Bg4 Rc7 26. fxg7 a4 27. Bf5 b3
28. cxb3 axb3 29. axb3 Qb5 30. Rb4 Qa5 31. Rc4 Qxd2 32. Rxd2 Kxg7 33. Kc2 Rb7
34. Rd1 Rh8 35. Rg1 Bb6 36. Rgg4 Bd4 37. b4 Ra8 38. Kb3 Ra1 39. h5 f6 40. h6+
Kf7 41. g6+ hxg6 42. Bxg6+ Ke7 43. Bf5 Rg1 44. Rxg1 Bxg1 45. h7 1-0

[Event "2BLN 1718 Turm Kiel - SF Berlin II"]
[Site "?"]
[Date "2018.03.18"]
[Round "8.5"]
[White "Florstedt, Johannes"]
[Black "Pakleza, Zbigniew"]
[Result "0-1"]
[WhiteElo "2280"]
[BlackElo "2497"]
[PlyCount "66"]
[EventDate "2018.??.??"]

1. e4 e5 2. Nf3 d6 3. d4 Nf6 4. Nc3 Nbd7 5. Bc4 Be7 6. a4 O-O 7. O-O c6 8. h3
a5 9. Re1 Nb6 10. Ba2 Nfd7 11. Be3 exd4 12. Qxd4 Nc5 13. Rad1 Be6 14. Bxe6 fxe6
15. e5 d5 16. Qg4 Qe8 17. Ng5 Qg6 18. Re2 Bxg5 19. Bxg5 Ncxa4 20. Nxa4 Nxa4 21.
c4 Nb6 22. c5 Nd7 23. Qh4 Rf5 24. f4 Nxc5 25. g4 Rf7 26. f5 exf5 27. gxf5 Rxf5
28. Rg2 Ne6 29. Bf6 Qh5 30. Rd4 Qxh4 31. Rxh4 Kh8 32. Be7 Rxe5 33. Bd6 Rg5 0-1

[Event "2BLN 1718 Turm Kiel - SF Berlin II"]
[Site "?"]
[Date "2018.03.18"]
[Round "8.6"]
[White "Bromann, Thorbjorn"]
[Black "Priebe, Jan"]
[Result "1-0"]
[WhiteElo "2376"]
[BlackElo "2285"]
[PlyCount "69"]
[EventDate "2018.??.??"]

1. d4 Nf6 2. Bg5 c5 3. d5 e5 4. Nc3 d6 5. e4 Be7 6. Nf3 O-O 7. Bd2 Bd7 8. a4
Na6 9. Bxa6 bxa6 10. Qe2 Qb6 11. Bc1 Bg4 12. h3 Bxf3 13. Qxf3 Rab8 14. O-O Qc7
15. Nb1 c4 16. Ra3 Rfc8 17. Qe2 Nd7 18. Rc3 Nb6 19. b3 Qd8 20. a5 Nd7 21. Rxc4
Rxc4 22. Qxc4 Qxa5 23. Be3 Nc5 24. Bxc5 dxc5 25. Rd1 Bd6 26. Nd2 Rb4 27. Qc3
Qc7 28. Nc4 g6 29. Ra1 f5 30. Rxa6 Bf8 31. exf5 gxf5 32. Qg3+ Bg7 33. Rc6 Qe7
34. Rc8+ Kf7 35. d6 1-0

[Event "2BLN 1718 Turm Kiel - SF Berlin II"]
[Site "?"]
[Date "2018.03.18"]
[Round "8.7"]
[White "Brettschneider, Stefan"]
[Black "Hoi, Carsten"]
[Result "1-0"]
[WhiteElo "2268"]
[BlackElo "2377"]
[PlyCount "51"]
[EventDate "2018.??.??"]

1. e4 g6 2. Nc3 Bg7 3. d4 d6 4. Be3 c6 5. a4 Nf6 6. h3 O-O 7. Nf3 Nbd7 8. a5 e5
9. dxe5 dxe5 10. Qd6 Ne8 11. Qb4 Nc7 12. Bc4 h6 13. O-O Qf6 14. Nh2 h5 15. f4
Bh6 16. Kh1 exf4 17. Ne2 c5 18. Qb3 Ne5 19. Nxf4 Qg7 20. Bxc5 Re8 21. Nd5 Nxd5
22. Bxd5 Be6 23. Bxe6 fxe6 24. Bd4 Qc7 25. Qg3 Bg7 26. Nf3 1-0

[Event "2BLN 1718 Turm Kiel - SF Berlin II"]
[Site "?"]
[Date "2018.03.18"]
[Round "8.8"]
[White "Berg, Klaus"]
[Black "Leitritz, David"]
[Result "1-0"]
[WhiteElo "2334"]
[BlackElo "1844"]
[PlyCount "73"]
[EventDate "2018.??.??"]

1. d4 d5 2. Nf3 Nf6 3. c4 c6 4. Nc3 e6 5. Bg5 dxc4 6. e4 b5 7. e5 h6 8. Bh4 g5
9. Nxg5 hxg5 10. Bxg5 Nbd7 11. exf6 Qb6 12. g3 Bb7 13. Bg2 O-O-O 14. O-O c5 15.
d5 b4 16. Na4 Qb5 17. a3 Nb8 18. axb4 cxb4 19. b3 c3 20. Qd4 Nc6 21. Qc4 Qxc4
22. bxc4 Ne5 23. Nxc3 bxc3 24. Rxa7 Bc5 25. Ra5 Nd3 26. Be4 Bb6 27. Rb5 Nxf2
28. Rxf2 Bxf2+ 29. Kxf2 Rxh2+ 30. Ke3 exd5 31. cxd5 Ba6 32. Bf5+ Rd7 33. Rc5+
Kd8 34. Bxd7 Kxd7 35. Rxc3 Re2+ 36. Kd4 Rd2+ 37. Bxd2 1-0

[Event "2BLN 1718 SV Glückauf Rüdersdorf - SK K"]
[Site "?"]
[Date "2018.03.18"]
[Round "8.1"]
[White "Stern, Rene"]
[Black "Steczek, Marcin"]
[Result "1/2-1/2"]
[WhiteElo "2512"]
[BlackElo "2382"]
[PlyCount "78"]
[EventDate "2018.??.??"]

1. Nf3 Nf6 2. c4 b6 3. g3 Bb7 4. Bg2 c5 5. O-O g6 6. b3 Bg7 7. Bb2 O-O 8. d4
cxd4 9. Qxd4 d6 10. Nc3 Nbd7 11. Ne1 Rb8 12. Bxb7 Rxb7 13. Ng2 a6 14. Ne3 Qb8
15. Rac1 Rc8 16. b4 Ne5 17. Qh4 e6 18. Ne4 Nxe4 19. Qxe4 Rbc7 20. Bxe5 Bxe5 21.
f4 Bg7 22. Rcd1 b5 23. Rxd6 bxc4 24. a3 Qb5 25. Rfd1 h5 26. Nc2 c3 27. Qd3 Rc4
28. Rd8+ Rxd8 29. Qxd8+ Kh7 30. Qd7 Qb6+ 31. e3 Rc7 32. Qd6 Qb7 33. Kf2 h4 34.
Qd3 Bf6 35. g4 Rc8 36. Qd7 Rc7 37. Qd3 Rc8 38. Qd7 Rc7 39. Qd3 Rc8 1/2-1/2

[Event "2BLN 1718 SV Glückauf Rüdersdorf - SK K"]
[Site "?"]
[Date "2018.03.18"]
[Round "8.2"]
[White "Janaszak, Dawid"]
[Black "Rabiega, Robert"]
[Result "1/2-1/2"]
[WhiteElo "2360"]
[BlackElo "2514"]
[PlyCount "27"]
[EventDate "2018.??.??"]

1. e4 e5 2. Nf3 Nc6 3. Nc3 Nf6 4. d4 exd4 5. Nxd4 Bb4 6. Nxc6 bxc6 7. Bd3 d5 8.
exd5 cxd5 9. O-O O-O 10. h3 c6 11. Qf3 Bd6 12. Bf4 Qd7 13. Ne2 Re8 14. Bxd6
1/2-1/2

[Event "2BLN 1718 SV Glückauf Rüdersdorf - SK K"]
[Site "?"]
[Date "2018.03.18"]
[Round "8.3"]
[White "Richter, Michael"]
[Black "Dudzinski, Piotr"]
[Result "1-0"]
[WhiteElo "2490"]
[BlackElo "2310"]
[PlyCount "73"]
[EventDate "2018.??.??"]

1. d4 d5 2. c4 e6 3. Nc3 Nf6 4. cxd5 exd5 5. Bg5 Be7 6. e3 c6 7. Bd3 O-O 8. Qc2
Nbd7 9. Nge2 Re8 10. O-O h6 11. Bf4 Nh5 12. Nxd5 Nxf4 13. Nxe7+ Rxe7 14. Nxf4
Nf6 15. Rac1 Be6 16. Nxe6 Rxe6 17. Bc4 Re7 18. Qf5 Qb6 19. Bb3 a5 20. Qc5 Qd8
21. Qc2 Qd6 22. Qc5 Qd8 23. Bd1 Ne4 24. Qc2 Qd6 25. Bf3 Ng5 26. Be2 Ne6 27.
Rfd1 a4 28. Qf5 Qb4 29. Bd3 g6 30. Qf6 Rae8 31. h4 h5 32. Rc2 Rd7 33. Bc4 Kh7
34. a3 Qd6 35. Rcd2 Qc7 36. d5 cxd5 37. Bb5 1-0

[Event "2BLN 1718 SV Glückauf Rüdersdorf - SK K"]
[Site "?"]
[Date "2018.03.18"]
[Round "8.4"]
[White "Sroczynski, Maciej"]
[Black "Moreno Tejera, Emilio"]
[Result "0-1"]
[WhiteElo "2313"]
[BlackElo "2431"]
[PlyCount "74"]
[EventDate "2018.??.??"]

1. d4 f5 2. g3 Nf6 3. Bg2 d6 4. d5 c6 5. c4 e5 6. dxe6 Bxe6 7. Nd2 d5 8. cxd5
Bxd5 9. Ngf3 g6 10. b3 Bg7 11. Bb2 O-O 12. O-O Nbd7 13. Qc2 Qe7 14. e3 Rfe8 15.
Rad1 Nb6 16. Ne5 Rad8 17. Ndc4 Bxg2 18. Kxg2 Nbd5 19. Rfe1 Ne4 20. f3 Nef6 21.
a3 Nc7 22. h3 Rxd1 23. Rxd1 b5 24. Nd6 Nfd5 25. Rxd5 Nxd5 26. Qxc6 Nxe3+ 27.
Kg1 Rd8 28. Nef7 Rxd6 29. Nxd6 Bxb2 30. Nxb5 f4 31. gxf4 Nf5 32. Qe4 Qd7 33.
Qc4+ Kg7 34. Qc2 Bf6 35. a4 Kh6 36. Kh2 a6 37. Nc7 Qd6 0-1

[Event "2BLN 1718 SV Glückauf Rüdersdorf - SK K"]
[Site "?"]
[Date "2018.03.18"]
[Round "8.5"]
[White "Muse, Mladen"]
[Black "Wlodarczyk, Oskar"]
[Result "1/2-1/2"]
[WhiteElo "2407"]
[BlackElo "2288"]
[PlyCount "48"]
[EventDate "2018.??.??"]

1. Nf3 d5 2. g3 Nf6 3. Bg2 g6 4. b3 Bg7 5. Bb2 O-O 6. c4 c6 7. O-O Nbd7 8. d4
Ne4 9. cxd5 cxd5 10. Nbd2 Ndf6 11. Ne5 Qa5 12. Nxe4 Nxe4 13. Qe1 Qa6 14. e3 f6
15. Nf3 Bd7 16. Qb4 Rfe8 17. Nd2 f5 18. Rfc1 Bf8 19. Nxe4 fxe4 20. Bf1 Qb6 21.
Qxb6 axb6 22. a4 Rec8 23. Rxc8 Rxc8 24. Rc1 Rxc1 {(=)} 1/2-1/2

[Event "2BLN 1718 SV Glückauf Rüdersdorf - SK K"]
[Site "?"]
[Date "2018.03.18"]
[Round "8.6"]
[White "Szadkowski, Kamil"]
[Black "Bruedigam, Martin"]
[Result "1/2-1/2"]
[WhiteElo "2278"]
[BlackElo "2409"]
[PlyCount "42"]
[EventDate "2018.??.??"]

1. e4 e5 2. Nf3 Nc6 3. Bb5 a6 4. Ba4 Nf6 5. O-O Be7 6. Re1 b5 7. Bb3 d6 8. c3
O-O 9. h3 Na5 10. Bc2 c5 11. d4 Qc7 12. Nbd2 Nc6 13. d5 Nd8 14. a4 Rb8 15. axb5
axb5 16. b4 Nb7 17. Nf1 Bd7 18. Be3 Ra8 19. Qd2 Rfc8 20. Bd3 c4 21. Bc2 Nd8 {
(=)} 1/2-1/2

[Event "2BLN 1718 SV Glückauf Rüdersdorf - SK K"]
[Site "?"]
[Date "2018.03.18"]
[Round "8.7"]
[White "Muse, Drazen"]
[Black "Szyszylo, Rafal"]
[Result "1/2-1/2"]
[WhiteElo "2364"]
[BlackElo "2250"]
[PlyCount "55"]
[EventDate "2018.??.??"]

1. Nf3 d6 2. d4 g6 3. e4 Bg7 4. Nc3 Nf6 5. Bf4 O-O 6. Qd2 Bg4 7. O-O-O Nbd7 8.
Bh6 e5 9. Bxg7 Kxg7 10. Be2 c6 11. h3 Bxf3 12. Bxf3 Qe7 13. g4 Rad8 14. Bg2 h6
15. f4 exf4 16. Qxf4 Nh7 17. h4 Rde8 18. Kb1 Nb6 19. h5 Ng5 20. a3 Ne6 21. Qh2
g5 22. Ne2 Kh8 23. Rhf1 Ng7 24. Rf2 Qe6 25. Qg3 Kg8 26. Qf3 d5 27. e5 Nd7 28.
Qb3 {(=)} 1/2-1/2

[Event "2BLN 1718 SV Glückauf Rüdersdorf - SK K"]
[Site "?"]
[Date "2018.03.18"]
[Round "8.8"]
[White "Szadkowski, Krzysztof"]
[Black "Von Herman, Ulf"]
[Result "0-1"]
[WhiteElo "2150"]
[BlackElo "2347"]
[PlyCount "44"]
[EventDate "2018.??.??"]

1. Nf3 Nf6 2. c4 e6 3. g3 d5 4. Bg2 dxc4 5. O-O a6 6. a4 b6 7. Qc2 Bb7 8. Qxc4
c5 9. d3 Nbd7 10. Nbd2 Be7 11. b3 O-O 12. Bb2 Nd5 13. Rfc1 Nb4 14. Ne4 Bd5 15.
Qc3 Nf6 16. Ne5 Ne8 17. d4 f5 18. Nd2 cxd4 19. Qxd4 Bc5 20. Qf4 Nf6 21. Qh4
Bxg2 22. Kxg2 Qxd2 0-1

[Event "2BLN 1718 SC Kreuzberg - SK Zehlendorf"]
[Site "?"]
[Date "2018.03.18"]
[Round "8.1"]
[White "Meister, Jakob"]
[Black "Glantz, Robert"]
[Result "1/2-1/2"]
[WhiteElo "2429"]
[BlackElo "2328"]
[PlyCount "116"]
[EventDate "2018.??.??"]

1. e4 c5 2. Nf3 e6 3. b3 b6 4. c4 Bb7 5. Nc3 d6 6. d4 cxd4 7. Nxd4 Nf6 8. Bd3
Nbd7 9. O-O Be7 10. Re1 a6 11. a4 Qc7 12. Ba3 g5 13. Bb4 h5 14. a5 h4 15. Bf1
h3 16. g3 Ne5 17. Nf3 Nc6 18. axb6 Qxb6 19. Ba3 g4 20. Nd2 Ne5 21. Be2 Rc8 22.
Bb2 Rg8 23. Rb1 Kf8 24. b4 Rg5 25. Bf1 Ba8 26. Na4 Qb7 27. Re3 d5 28. c5 dxe4
29. Nb6 Rd8 30. Bxe5 Rxe5 31. Qe2 Nd5 32. Ndc4 Rg5 33. Nxa8 Nxe3 34. Nxe3 Rxa8
35. Nxg4 Rxc5 36. Bxh3 Rac8 37. Qd2 Bg5 38. Qd6+ Kg8 39. bxc5 Qxb1+ 40. Bf1 Qc1
41. h4 Qxc5 42. Qxc5 Rxc5 43. hxg5 a5 44. Nf6+ Kg7 45. Nxe4 Rc1 46. Nd6 a4 47.
Nb5 Ra1 48. f4 a3 49. Nxa3 Rxa3 50. Kf2 Kg6 51. Bh3 Kh5 52. Kg2 Kg6 53. Kf2 Rc3
54. Bg4 e5 55. fxe5 Kxg5 56. Bd7 Rc5 57. e6 Rf5+ 58. Kg2 fxe6 1/2-1/2

[Event "2BLN 1718 SC Kreuzberg - SK Zehlendorf"]
[Site "?"]
[Date "2018.03.18"]
[Round "8.2"]
[White "Kalinitschew, Sergey"]
[Black "Malek, Daniel"]
[Result "1-0"]
[WhiteElo "2420"]
[BlackElo "2403"]
[PlyCount "113"]
[EventDate "2018.??.??"]

1. Nf3 d5 2. d4 Nf6 3. c4 e6 4. Nc3 Bb4 5. cxd5 exd5 6. Bg5 h6 7. Bxf6 Qxf6 8.
Qa4+ Nc6 9. e3 O-O 10. Rc1 Qg6 11. Qd1 Be6 12. a3 Be7 13. Qb3 Rab8 14. g3 Rfd8
15. Ne2 Bd6 16. Bg2 Na5 17. Qc3 Nc4 18. O-O Qf6 19. Ne1 c6 20. Nd3 g5 21. a4
Bg4 22. Rc2 Re8 23. b3 Nb6 24. f3 Bh5 25. e4 dxe4 26. fxe4 Qd8 27. a5 Nd7 28.
e5 Bc7 29. b4 a6 30. Nf2 f6 31. Ne4 fxe5 32. Qc4+ Kg7 33. d5 cxd5 34. Qxd5 Rf8
35. Rfc1 Bf7 36. Qd2 Rc8 37. Bh3 Bb6+ 38. axb6 Qxb6+ 39. Nc5 Rcd8 40. Bxd7 Be8
41. Qe3 Bxd7 42. Qxe5+ Kh7 43. Rd2 Bc6 44. Qe7+ Kg8 45. Qe6+ Kh7 46. Qe7+ Kg8
47. Rxd8 Qxd8 48. Qe6+ Kh7 49. Rf1 Rxf1+ 50. Kxf1 Qf8+ 51. Ke1 Qf3 52. Qe7+ Kg6
53. Qd6+ Kh5 54. Nd3 Qh1+ 55. Kd2 Qb1 56. Qe6 Bb5 57. Ndf4+ 1-0